[Event "Mundial Juvenil femenino 2005 s12"]
[Site "Belfort FRA"]
[Date "2005.07.29"]
[Round "10.2"]
[White "Vo, Thi Kim Phung"]
[Black "Paikidze, Nazi"]
[Result "1/2-1/2"]
[WhiteElo "1599"]
[BlackElo "2083"]
[PlyCount "182"]
[EventDate "2005.07.19"]
[EventType "swiss"]
[EventRounds "11"]
[EventCountry "FRA"]
[Source "lmi"]
[SourceDate "2005.07.31"]

1. d4 d5 2. c4 e6 3. Nc3 Be7 4. Nf3 Nf6 5. Bg5 h6 6. Bh4 O-O 7. cxd5 exd5 8.
Qc2 c6 9. e3 Re8 10. Bd3 Nbd7 11. O-O Nf8 12. Bxf6 Bxf6 13. b4 Bg4 14. Nd2 Rc8
15. Rfc1 Qe7 16. Rab1 Bh4 17. Nf1 Qd6 18. h3 Bd7 19. Ne2 g6 20. Neg3 Nh7 21.
Qc5 Qb8 22. Qc2 Qd6 23. Qc5 Qb8 24. Rb2 Ng5 25. Qc2 Kg7 26. Ne2 Qd6 27. Nf4 Ne6
28. Nxe6+ Bxe6 29. Qc5 Qb8 30. f4 b6 31. Qc3 Qd6 32. Rbc2 Bd7 33. Ba6 Rc7 34.
Qb2 Bf6 35. Qb3 c5 36. bxc5 bxc5 37. Qa3 Re6 38. Qa5 c4 39. Bb5 Qb6 40. Qxb6
Rxb6 41. Bxd7 Rxd7 42. Kf2 Be7 43. Ng3 Ba3 44. Rd1 f5 45. Ne2 Bb2 46. Rdd2 Rdb7
47. Nc3 Bxc3 48. Rxc3 Rb2 49. Ke2 Kf6 50. Rdc2 Rb1 51. Ra3 Ke6 52. Kd2 R1b5 53.
Kc3 Rb1 54. Ra6+ Kf7 55. Rd6 R1b5 56. g4 Re7 57. Kd2 Re6 58. Rd7+ Re7 59. Rd6
Kg7 60. gxf5 gxf5 61. h4 h5 62. Kc1 Rxe3 63. Rg2+ Kf7 64. Rgg6 Rc3+ 65. Kd2
Rd3+ 66. Kc2 Re3 67. Rgf6+ Ke7 68. Ra6 Re2+ 69. Kc1 Re1+ 70. Kd2 Re4 71. Rh6
Kf8 72. Rxa7 Kg8 73. Rg6+ Kh8 74. Rf6 Rxd4+ 75. Kc3 Rd3+ 76. Kc2 Rb8 77. Rxf5
d4 78. Rxh5+ Kg8 79. Rg5+ Kf8 80. Rf5+ Kg8 81. Rg5+ Kf8 82. Rc5 Rc3+ 83. Kd2
Rd3+ 84. Kc2 Rc3+ 85. Kd2 Rd3+ 86. Kc2 Rc3+ 87. Kd1 Rb1+ 88. Kd2 Rb2+ 89. Kd1
Rb1+ 90. Kd2 Rb2+ 91. Kd1 Ke8 1/2-1/2

[Event "Mundial Juvenil femenino 2005 s12"]
[Site "Belfort FRA"]
[Date "2005.07.29"]
[Round "10.3"]
[White "Solovyova, Yelyzaveta"]
[Black "Lolici, Iselin"]
[Result "1-0"]
[WhiteElo "1921"]
[BlackElo "2049"]
[PlyCount "93"]
[EventDate "2005.07.19"]
[EventType "swiss"]
[EventRounds "11"]
[EventCountry "FRA"]
[Source "lmi"]
[SourceDate "2005.07.31"]

1. e4 c5 2. c3 e5 3. Nf3 Nc6 4. Bb5 Nge7 5. O-O g6 6. Bxc6 Nxc6 7. d4 exd4 8.
cxd4 cxd4 9. Nxd4 Bg7 10. Be3 O-O 11. Nc3 Ne5 12. Qe2 Qc7 13. Nd5 Qc4 14. Qd2
b6 15. b3 Qd3 16. Qxd3 Nxd3 17. Rfd1 Nc5 18. f3 Bb7 19. Nc7 Rac8 20. Ncb5 a6
21. Nd6 Rb8 22. Rac1 a5 23. N4b5 Ne6 24. Nc4 Bc6 25. a4 Nc5 26. Nxa5 Nxe4 27.
Nxc6 dxc6 28. Rxc6 Nf6 29. Rxb6 Rbd8 30. Rbd6 Rc8 31. a5 Rb8 32. Rb6 Rbd8 33.
Rxd8 Rxd8 34. Bg5 Rd1+ 35. Kf2 Nd7 36. Rd6 Rxd6 37. Nxd6 Bd4+ 38. Be3 Bxe3+ 39.
Kxe3 Nc5 40. b4 Nd7 41. b5 Kf8 42. a6 Nb6 43. Kd4 Ke7 44. Ke5 Na8 45. b6 Kd7
46. b7 Nc7 47. a7 1-0

[Event "Mundial Juvenil femenino 2005 s12"]
[Site "Belfort FRA"]
[Date "2005.07.29"]
[Round "10.4"]
[White "Cori T., Deysi"]
[Black "Lakshmi, Sahiti P"]
[Result "0-1"]
[WhiteElo "2035"]
[BlackElo "1984"]
[PlyCount "87"]
[EventDate "2005.07.19"]
[EventType "swiss"]
[EventRounds "11"]
[EventCountry "FRA"]
[Source "lmi"]
[SourceDate "2005.07.31"]

1. d4 Nf6 2. c4 g6 3. Nc3 Bg7 4. e4 d6 5. Nf3 O-O 6. Be2 e5 7. dxe5 dxe5 8.
Qxd8 Rxd8 9. Bg5 Rf8 10. Bxf6 Bxf6 11. Nd5 Bd8 12. Nxe5 Re8 13. Nd3 Rxe4 14. b3
c6 15. Nc3 Re8 16. Kd2 Bf6 17. Rhe1 Bg7 18. Bf3 Rd8 19. Kc2 Nd7 20. g4 Nf8 21.
Nc5 Bd4 22. Nd3 Ne6 23. Rad1 Bf6 24. Ne2 Ng5 25. Ng1 Nxf3 26. Nxf3 Bxg4 27. Re3
Bd4 28. Nxd4 Bxd1+ 29. Kc3 Bg4 30. Nc5 Bc8 31. Re7 Kf8 32. Rc7 Ke8 33. f4 Kf8
34. h4 Re8 35. Nxb7 Re7 36. Rxe7 Kxe7 37. Nc5 Bd7 38. Nd3 f6 39. c5 h6 40. Nf3
Kf7 41. Nd4 g5 42. fxg5 fxg5 43. hxg5 hxg5 44. Ne5+ 0-1

[Event "Mundial Juvenil femenino 2005 s12"]
[Site "Belfort FRA"]
[Date "2005.07.29"]
[Round "10.5"]
[White "Danelia, Mariam"]
[Black "Suarez Calvo, Alexandra"]
[Result "1/2-1/2"]
[WhiteElo "1991"]
[BlackElo "1924"]
[PlyCount "112"]
[EventDate "2005.07.19"]
[EventType "swiss"]
[EventRounds "11"]
[EventCountry "FRA"]
[Source "lmi"]
[SourceDate "2005.07.31"]

1. d4 Nf6 2. c4 g6 3. Nc3 Bg7 4. e4 d6 5. f3 O-O 6. Be3 Nc6 7. Nge2 a6 8. Qd2
Rb8 9. a4 Re8 10. Rd1 Bd7 11. Nf4 e5 12. dxe5 dxe5 13. Nfd5 Nd4 14. Bd3 c5 15.
O-O Nxd5 16. cxd5 Qb6 17. Bc4 Qb4 18. Qd3 Bxa4 19. Nxa4 Qxa4 20. Rc1 Qa5 21.
Bd2 Qc7 22. f4 b5 23. Ba2 c4 24. Kh1 Qe7 25. Qh3 exf4 26. Bxf4 Rbd8 27. d6 Qxe4
28. Bg3 Qe6 29. Rcd1 Ne2 30. Rde1 Nxg3+ 31. Qxg3 Be5 32. Qf3 Rxd6 33. Rc1 Rd3
34. Qxd3 cxd3 35. Bxe6 Rxe6 36. Rcd1 Rd6 37. Rf3 d2 38. Rf2 Bxb2 39. Rfxd2 Rxd2
40. Rxd2 Bc3 41. Rd6 a5 42. Rd5 Kg7 43. Rxb5 a4 44. Rb6 a3 45. Ra6 Bb2 46. g4
f5 47. gxf5 gxf5 48. Kg2 f4 49. Kf3 Bc1 50. h4 h5 51. Ra5 Kg6 52. Rg5+ Kh6 53.
Rc5 Bb2 54. Ra5 Bc1 55. Ra6+ Kg7 56. Ke4 Kh7 1/2-1/2

[Event "Mundial Juvenil femenino 2005 s12"]
[Site "Belfort FRA"]
[Date "2005.07.29"]
[Round "10.6"]
[White "Bulmaga, Irina"]
[Black "Vilce, Andrea"]
[Result "1-0"]
[WhiteElo "2074"]
[BlackElo "1599"]
[PlyCount "73"]
[EventDate "2005.07.19"]
[EventType "swiss"]
[EventRounds "11"]
[EventCountry "FRA"]
[Source "lmi"]
[SourceDate "2005.07.31"]

1. e4 c5 2. Nf3 e6 3. d3 Nc6 4. g3 g6 5. Bg2 Bg7 6. O-O Nge7 7. c3 d5 8. Qe2 b6
9. Re1 Ba6 10. e5 h6 11. h4 Qc7 12. Bf4 Bb7 13. Na3 a6 14. Nc2 b5 15. Ne3 O-O-O
16. Nc2 Nf5 17. a4 Qb6 18. axb5 axb5 19. b4 c4 20. dxc4 dxc4 21. g4 Nfe7 22.
Be3 Qc7 23. Bc5 Nd5 24. Bd6 Qb6 25. Bc5 Qc7 26. Bd6 Qd7 27. Qd2 Qe8 28. Ncd4
Bf8 29. Nxb5 f6 30. Bxf8 Qxf8 31. Nd6+ Kb8 32. Nxb7 Kxb7 33. Nd4 Nce7 34. Qa2
Rd7 35. Nc6 Nxc6 36. Qa6+ Kb8 37. Qxc6 1-0

[Event "Mundial Juvenil femenino 2005 s12"]
[Site "Belfort FRA"]
[Date "2005.07.29"]
[Round "10.7"]
[White "Mitra, Hejazipour"]
[Black "Capelo, Paola"]
[Result "1-0"]
[WhiteElo "1599"]
[BlackElo "1599"]
[PlyCount "67"]
[EventDate "2005.07.19"]
[EventType "swiss"]
[EventRounds "11"]
[EventCountry "FRA"]
[Source "lmi"]
[SourceDate "2005.07.31"]

1. e4 e5 2. Nf3 Nc6 3. Bb5 Nge7 4. O-O g6 5. c3 Bg7 6. d4 exd4 7. cxd4 a6 8.
Ba4 b5 9. Bc2 d6 10. h3 O-O 11. Nc3 Kh8 12. Be3 f5 13. exf5 Nxf5 14. Be4 Bd7
15. Bg5 Qc8 16. Rc1 Rb8 17. Ne2 Nce7 18. g4 d5 19. gxf5 dxe4 20. Bxe7 Re8 21.
Bd6 exf3 22. Nf4 Bxf5 23. Qxf3 Rb7 24. Be5 Bxe5 25. dxe5 Rf8 26. Kh2 Be6 27.
Qe4 Bf5 28. Qe3 Re8 29. Rfd1 Qb8 30. Rc6 Rb6 31. Rdc1 Bd7 32. Rxc7 Bf5 33. Nd5
Ree6 34. Qh6 1-0

[Event "Mundial Juvenil femenino 2005 s12"]
[Site "Belfort FRA"]
[Date "2005.07.29"]
[Round "10.9"]
[White "Stetsko, Lanita"]
[Black "Mammadbayova, Farida"]
[Result "0-1"]
[WhiteElo "1599"]
[BlackElo "1599"]
[PlyCount "86"]
[EventDate "2005.07.19"]
[EventType "swiss"]
[EventRounds "11"]
[EventCountry "FRA"]
[Source "lmi"]
[SourceDate "2005.07.31"]

1. e4 c6 2. d4 d5 3. exd5 cxd5 4. Bd3 Nc6 5. c3 Qc7 6. Qb3 e6 7. Nf3 Nf6 8. O-O
Be7 9. Bg5 a6 10. Nbd2 Bd7 11. Rae1 O-O 12. Ne5 Na5 13. Qc2 h6 14. Bf4 Bd6 15.
Ndf3 b5 16. a3 Nc4 17. Nxd7 Qxd7 18. Ne5 Qc7 19. Qc1 Nd7 20. Bxh6 Ndxe5 21.
Bxg7 Kxg7 22. dxe5 Be7 23. Bxc4 Qxc4 24. Re3 Rh8 25. Rg3+ Kf8 26. Rd1 Rc8 27.
Qe3 Ke8 28. Rh3 Rxh3 29. Qxh3 Qh4 30. Qf3 Bc5 31. Re1 Ke7 32. g3 Rg8 33. Kh1
Qg4 34. Qg2 Rh8 35. h4 Qf5 36. Rf1 Qxe5 37. Kh2 Rxh4+ 38. Kg1 Rg4 39. Kh1 Re4
40. Kg1 Re1 41. b4 Bxf2+ 42. Qxf2 Rxf1+ 43. Kxf1 Qxc3 0-1

[Event "Mundial Juvenil femenino 2005 s12"]
[Site "Belfort FRA"]
[Date "2005.07.29"]
[Round "10.10"]
[White "Neuhauser, Salome"]
[Black "Pavlidou, Ekaterini"]
[Result "0-1"]
[WhiteElo "1599"]
[BlackElo "1970"]
[PlyCount "62"]
[EventDate "2005.07.19"]
[EventType "swiss"]
[EventRounds "11"]
[EventCountry "FRA"]
[Source "lmi"]
[SourceDate "2005.07.31"]

1. e4 c5 2. d3 e6 3. Nd2 d5 4. g3 Nf6 5. Bg2 Nc6 6. Ngf3 Be7 7. O-O O-O 8. Re1
b6 9. e5 Ne8 10. Nf1 Bb7 11. h4 Qd7 12. Ng5 Nd4 13. Qh5 Bxg5 14. hxg5 Nxc2 15.
Re2 Nxa1 16. g4 Ba6 17. Re3 f5 18. gxf5 Rxf5 19. Bh3 g6 20. Qh6 Nc2 21. Re2 Nd4
22. Re3 Qf7 23. Nh2 Rxf2 24. Ng4 Rc2 25. Nf6+ Nxf6 26. exf6 Rxc1+ 27. Kh2 Qf8
28. Qh4 Qd6+ 29. Kg2 Rc2+ 30. Kf1 Qh2 31. f7+ Kh8 0-1

[Event "Mundial Juvenil femenino 2005 s12"]
[Site "Belfort FRA"]
[Date "2005.07.29"]
[Round "10.11"]
[White "Szabo, Noemi"]
[Black "Chen, Yidi"]
[Result "0-1"]
[WhiteElo "1939"]
[BlackElo "1599"]
[PlyCount "84"]
[EventDate "2005.07.19"]
[EventType "swiss"]
[EventRounds "11"]
[EventCountry "FRA"]
[Source "lmi"]
[SourceDate "2005.07.31"]

1. e4 c5 2. Nf3 d6 3. d4 cxd4 4. Nxd4 Nf6 5. Nc3 a6 6. Be3 e6 7. f3 Nc6 8. Qd2
Be7 9. O-O-O O-O 10. g4 Nxd4 11. Bxd4 b5 12. g5 Nd7 13. h4 Bb7 14. Bd3 Nc5 15.
Kb1 b4 16. Ne2 a5 17. Rdg1 e5 18. Be3 d5 19. Ng3 d4 20. Bf2 g6 21. Ne2 Ba6 22.
Bxa6 Rxa6 23. h5 a4 24. hxg6 Rxg6 25. Rh5 b3 26. cxb3 axb3 27. a3 Ne6 28. Bh4
d3 29. Nc3 Nf4 30. Rh6 Qa5 31. Rxg6+ fxg6 32. Qd1 Rb8 33. Qc1 Bc5 34. Rf1 Bd4
35. Nd1 Qb5 36. Ne3 Qa6 37. Ng4 Rc8 38. Nf6+ Kh8 39. Qe1 d2 40. Qd1 Rc2 41. Ka1
Bxb2+ 42. Kb1 Qxa3 0-1

[Event "Mundial Juvenil femenino 2005 s12"]
[Site "Belfort FRA"]
[Date "2005.07.29"]
[Round "10.12"]
[White "Pujari, Rucha"]
[Black "Soylemez, Cansu"]
[Result "1-0"]
[WhiteElo "1833"]
[BlackElo "1599"]
[PlyCount "73"]
[EventDate "2005.07.19"]
[EventType "swiss"]
[EventRounds "11"]
[EventCountry "FRA"]
[Source "lmi"]
[SourceDate "2005.07.31"]

1. e4 c5 2. c3 Nf6 3. e5 Nd5 4. d4 cxd4 5. Qxd4 e6 6. Nf3 Nc6 7. Qe4 Qc7 8. Bd2
Bc5 9. c4 Nde7 10. Nc3 Ng6 11. Nb5 Qb6 12. O-O-O O-O 13. h4 a6 14. Nc3 Qc7 15.
Bf4 Nxf4 16. Qxf4 Bxf2 17. Ne4 Ba7 18. Rh3 f5 19. Nd6 Qb6 20. Re1 Qf2 21. Bd3
Nd4 22. Rhh1 Nxf3 23. gxf3 Qd4 24. Qd2 Bc5 25. Rhg1 Bxd6 26. exd6 Qxd6 27. Qg5
Qd4 28. Rg2 Qf6 29. Qg3 b6 30. Reg1 Rf7 31. Qc7 e5 32. c5 b5 33. a4 d5 34. Qa5
Qc6 35. Qd8+ Rf8 36. Rxg7+ Kh8 37. Qxf8# 1-0

[Event "Mundial Juvenil femenino 2005 s12"]
[Site "Belfort FRA"]
[Date "2005.07.29"]
[Round "10.13"]
[White "Haast, Anne"]
[Black "G.srisha, Gutta"]
[Result "1-0"]
[WhiteElo "1599"]
[BlackElo "2092"]
[PlyCount "99"]
[EventDate "2005.07.19"]
[EventType "swiss"]
[EventRounds "11"]
[EventCountry "FRA"]
[Source "lmi"]
[SourceDate "2005.07.31"]

1. e4 c6 2. d4 d5 3. exd5 cxd5 4. c4 Nf6 5. Nc3 Nc6 6. Nf3 Bg4 7. cxd5 Nxd5 8.
Qb3 Bxf3 9. gxf3 Nb6 10. Be3 e6 11. O-O-O Nd5 12. Nxd5 Qxd5 13. Bc4 Qd7 14. Qd3
Nb4 15. Qe2 Rc8 16. Kb1 a6 17. Rhg1 g6 18. d5 e5 19. f4 Qf5+ 20. Bd3 Nxd3 21.
Rxd3 e4 22. Rdd1 Bg7 23. Rg5 Qd7 24. Bd4 O-O 25. Bxg7 Kxg7 26. Qxe4 Rfe8 27.
Qd4+ Kg8 28. Rdg1 Qc7 29. Qd2 Qc4 30. Re5 Rxe5 31. fxe5 Qe4+ 32. Ka1 Qxe5 33.
Re1 Qd6 34. f4 Rd8 35. Rd1 Rc8 36. f5 Rc5 37. Qd4 Qc7 38. Qe3 Rc2 39. f6 Qd8
40. Qf4 b5 41. d6 Rc4 42. Qg5 Re4 43. Kb1 Re6 44. d7 h6 45. Qc5 Kh7 46. Qc8 Re8
47. dxe8=Q Qxd1+ 48. Qc1 Qxc1+ 49. Kxc1 h5 50. Qf8 1-0

[Event "Mundial Juvenil femenino 2005 s12"]
[Site "Belfort FRA"]
[Date "2005.07.29"]
[Round "10.14"]
[White "Qurbonboyeva, Sarvinoz"]
[Black "Adamowicz, Katarzyna"]
[Result "1-0"]
[WhiteElo "1599"]
[BlackElo "1885"]
[PlyCount "105"]
[EventDate "2005.07.19"]
[EventType "swiss"]
[EventRounds "11"]
[EventCountry "FRA"]
[Source "lmi"]
[SourceDate "2005.07.31"]

1. c4 e5 2. Nc3 Nf6 3. g3 d5 4. cxd5 Nxd5 5. Bg2 Nb6 6. Nf3 Nc6 7. O-O Be7 8.
d3 O-O 9. a3 a5 10. b3 Re8 11. Bb2 Bf8 12. Rc1 Bg4 13. Ne4 Rb8 14. Nc5 f6 15.
Nxb7 Qd7 16. Nd2 Rxb7 17. Bxc6 Qc8 18. Bxe8 Qxe8 19. f3 Bh3 20. Re1 Nd5 21. e4
Nf4 22. Nc4 Rb5 23. Ne3 Ne6 24. Kh1 Qb8 25. b4 axb4 26. a4 Rb7 27. Qb3 Kh8 28.
Qd1 Qa7 29. Re2 Ng5 30. f4 exf4 31. gxf4 Ne6 32. Rf2 Qxe3 33. Rf3 Bg4 34. Rxe3
Bxd1 35. Rxd1 Nxf4 36. Rc1 Kg8 37. Rf3 Ne6 38. Rg1 Kh8 39. Rfg3 Bd6 40. Rg4 Rb8
41. h4 c5 42. h5 h6 43. Rg6 Rb7 44. Bxf6 gxf6 45. Rxf6 Be5 46. Rxe6 Bg7 47. Rc6
Bf8 48. e5 Kh7 49. Rc8 Rf7 50. e6 Rf5 51. Rc7+ Kh8 52. Rg6 b3 53. e7 1-0

[Event "Mundial Juvenil femenino 2005 s12"]
[Site "Belfort FRA"]
[Date "2005.07.29"]
[Round "10.15"]
[White "Karabayeva, Zhanna"]
[Black "Baciu, Diana"]
[Result "1/2-1/2"]
[WhiteElo "1599"]
[BlackElo "1849"]
[PlyCount "160"]
[EventDate "2005.07.19"]
[EventType "swiss"]
[EventRounds "11"]
[EventCountry "FRA"]
[Source "lmi"]
[SourceDate "2005.07.31"]

1. e4 c5 2. Nf3 e6 3. d4 cxd4 4. Nxd4 Nf6 5. Nc3 Nc6 6. Be3 Bb4 7. Bd3 e5 8.
Nxc6 dxc6 9. O-O O-O 10. h3 Be6 11. Qf3 Qc7 12. Qg3 Kh8 13. Ne2 c5 14. c3 Ba5
15. Bg5 Nd7 16. Rad1 f6 17. Be3 c4 18. Bc2 Bb6 19. Bc1 Rad8 20. Qh4 Bc5 21. Ng3
b5 22. a3 a5 23. Kh1 Be7 24. Nf5 Bxf5 25. exf5 Nc5 26. Qg3 Bd6 27. Qg4 Rf7 28.
Be4 Rfd7 29. Be3 Nxe4 30. Qxe4 Qb7 31. Qxb7 Rxb7 32. Bc5 Be7 33. Rxd8+ Bxd8 34.
Rd1 Rb8 35. Bd6 Ra8 36. Rd5 Bb6 37. Rxb5 Bxf2 38. Bc5 Bg3 39. Bb6 a4 40. Bc7 g6
41. fxg6 hxg6 42. Kg1 Rc8 43. Rb7 Bf4 44. Kf1 Bc1 45. Ba5 Rc5 46. Bd8 f5 47.
Bf6+ Kg8 48. Rb4 Kf7 49. Bh4 Rd5 50. Be1 e4 51. Rxc4 Bxb2 52. Rxa4 Rd1 53. Ra7+
Kf6 54. Ke2 Rd3 55. Bh4+ Ke5 56. Ra5+ Ke6 57. Ra6+ Rd6 58. Rxd6+ Kxd6 59. a4
Bxc3 60. Ke3 Be5 61. g4 Kd5 62. gxf5 gxf5 63. Bg5 Kc4 64. a5 Bc7 65. a6 Bb8 66.
a7 Bxa7+ 67. Kf4 e3 68. Kxf5 e2 69. Bd2 Kd3 70. Ba5 Bd4 71. Be1 Bc3 72. Bf2 Kd2
73. h4 Bd4 74. Bg3 Bg1 75. h5 Bh2 76. Bf2 Bg1 77. Bh4 Be3 78. Ke4 Bh6 79. Kf5
Kd1 80. Bg3 Bd2 1/2-1/2

[Event "Mundial Juvenil femenino 2005 s12"]
[Site "Belfort FRA"]
[Date "2005.07.29"]
[Round "10.16"]
[White "Shakryan, Zozan"]
[Black "Messina, Roberta"]
[Result "1-0"]
[WhiteElo "1599"]
[BlackElo "1845"]
[PlyCount "85"]
[EventDate "2005.07.19"]
[EventType "swiss"]
[EventRounds "11"]
[EventCountry "FRA"]
[Source "lmi"]
[SourceDate "2005.07.31"]

1. e4 c5 2. Nf3 d6 3. d4 cxd4 4. Nxd4 Nf6 5. Nc3 a6 6. Be2 e6 7. O-O Qc7 8. Kh1
b5 9. a3 Bb7 10. f3 Nbd7 11. Bg5 Be7 12. Qe1 O-O 13. f4 Nb6 14. Bd3 Rfe8 15.
Qg3 Kh8 16. e5 Nfd7 17. Qh4 Nf8 18. Rae1 h6 19. Qh3 dxe5 20. Nb3 Kg8 21. Bxe7
Qxe7 22. fxe5 Nfd7 23. Qg3 Rac8 24. Rf4 Nc4 25. Rg4 f5 26. exf6 Nxf6 27. Rh4
Nxb2 28. Bg6 Red8 29. Bf5 Rd6 30. Rxh6 Rxc3 31. Qxc3 gxh6 32. Qxb2 Qg7 33. Bh3
Bd5 34. Qe5 Ne8 35. Qh5 Bc4 36. Re3 Kh7 37. Rg3 Qf6 38. Qe2 Bxb3 39. Rf3 Qa1+
40. Rf1 Qxa3 41. Qe4+ Kg7 42. Qg4+ Kh8 43. Rf8+ 1-0

[Event "Mundial Juvenil femenino 2005 s12"]
[Site "Belfort FRA"]
[Date "2005.07.29"]
[Round "10.18"]
[White "Vempati, Gayatri"]
[Black "Abdalla, Mona Khaled"]
[Result "1/2-1/2"]
[WhiteElo "1599"]
[BlackElo "1599"]
[PlyCount "105"]
[EventDate "2005.07.19"]
[EventType "swiss"]
[EventRounds "11"]
[EventCountry "FRA"]
[Source "lmi"]
[SourceDate "2005.07.31"]

1. d4 e6 2. c4 f5 3. Nc3 Nf6 4. Nf3 d5 5. Bf4 Bd6 6. Bxd6 Qxd6 7. e3 c6 8. Bd3
O-O 9. O-O Ne4 10. Ne5 Nd7 11. Nxd7 Bxd7 12. f3 Nf6 13. Qc2 Rae8 14. Rae1 f4
15. c5 Qe7 16. exf4 g6 17. Kf2 Nh5 18. g3 Qf6 19. Ne2 Qf7 20. Ke3 b6 21. Kd2
Rb8 22. Ng1 Qf6 23. Qc3 bxc5 24. dxc5 Rxb2+ 25. Bc2 Rfb8 26. Qxf6 Nxf6 27. Rb1
Rxb1 28. Rxb1 Rxb1 29. Bxb1 Kf7 30. Ne2 Ne8 31. Kc3 Ke7 32. Bd3 Bc8 33. Kd4 Nc7
34. Ke5 Ba6 35. Bxa6 Nxa6 36. Kd4 Nb4 37. Kc3 a5 38. Nc1 Kf6 39. a3 Na6 40. Nd3
a4 41. Kd4 Nc7 42. Kc3 Na6 43. Kd4 Kf5 44. Ne5 Nb8 45. Kc3 g5 46. Nd3 gxf4 47.
gxf4 Na6 48. Kd4 Nc7 49. Kc3 Na6 50. Kd4 h6 51. h3 h5 52. h4 Nc7 53. Kc3
1/2-1/2

[Event "Mundial Juvenil femenino 2005 s12"]
[Site "Belfort FRA"]
[Date "2005.07.29"]
[Round "10.19"]
[White "Anu, Bayar"]
[Black "Edes, Zsofia"]
[Result "1/2-1/2"]
[WhiteElo "1599"]
[BlackElo "1599"]
[PlyCount "43"]
[EventDate "2005.07.19"]
[EventType "swiss"]
[EventRounds "11"]
[EventCountry "FRA"]
[Source "lmi"]
[SourceDate "2005.07.31"]

1. e4 e5 2. Nf3 Nc6 3. Bc4 Nf6 4. d3 h6 5. h3 d6 6. Nc3 Be7 7. Be3 Be6 8. Bb3
Qd7 9. Qd2 a6 10. Nd5 Nd8 11. Nxe7 Qxe7 12. O-O O-O 13. Nh2 c6 14. f4 Bxb3 15.
axb3 d5 16. fxe5 Qxe5 17. d4 Qxe4 18. Bxh6 Qg6 19. Qg5 Qxg5 20. Bxg5 Ne4 21.
Bxd8 Raxd8 22. Rae1 1/2-1/2

[Event "Mundial Juvenil femenino 2005 s12"]
[Site "Belfort FRA"]
[Date "2005.07.29"]
[Round "10.20"]
[White "Castro, Natalia"]
[Black "Tjolsen, Katrine"]
[Result "1-0"]
[WhiteElo "1599"]
[BlackElo "1599"]
[PlyCount "49"]
[EventDate "2005.07.19"]
[EventType "swiss"]
[EventRounds "11"]
[EventCountry "FRA"]
[Source "lmi"]
[SourceDate "2005.07.31"]

1. e4 e6 2. d4 d5 3. exd5 exd5 4. Bd3 Bd6 5. Nc3 c6 6. h3 Ne7 7. Nf3 Bf5 8. O-O
O-O 9. Bxf5 Nxf5 10. Qd3 Qd7 11. Be3 Na6 12. a3 Nc7 13. Ne2 Nxe3 14. fxe3 f5
15. Nh4 g6 16. c4 Qe7 17. Nf3 Rae8 18. c5 Qxe3+ 19. Qxe3 Rxe3 20. cxd6 Rxe2 21.
dxc7 Rc8 22. Rfe1 Re4 23. Ng5 Rxe1+ 24. Rxe1 Rxc7 25. Re8+ 1-0

[Event "Mundial Juvenil femenino 2005 s12"]
[Site "Belfort FRA"]
[Date "2005.07.30"]
[Round "11.2"]
[White "Lakshmi, Sahiti P"]
[Black "Solovyova, Yelyzaveta"]
[Result "1/2-1/2"]
[WhiteElo "1984"]
[BlackElo "1921"]
[PlyCount "124"]
[EventDate "2005.07.19"]
[EventType "swiss"]
[EventRounds "11"]
[EventCountry "FRA"]
[Source "lmi"]
[SourceDate "2005.07.31"]

1. e4 d6 2. d4 Nf6 3. Nc3 Nbd7 4. f4 e5 5. Nf3 exd4 6. Qxd4 g6 7. Bc4 Bg7 8. e5
Ng4 9. O-O O-O 10. h3 dxe5 11. Qd1 Nh6 12. fxe5 Qe7 13. Qe2 Nf5 14. Bf4 Re8 15.
Rae1 c6 16. Ne4 Nb6 17. Bb3 Be6 18. g4 Bxb3 19. axb3 Nh4 20. Bg5 Nxf3+ 21. Qxf3
Qe6 22. Nd6 Rf8 23. Kg2 Nd7 24. Nxb7 Nxe5 25. Qe4 f5 26. Nc5 Qd6 27. gxf5 gxf5
28. Qe3 Qd5+ 29. Kh2 Rae8 30. Qf2 Nf3+ 31. Qxf3 Qxf3 32. Rxf3 Rxe1 33. Kg3 Rg1+
34. Kh4 h6 35. Be3 Rg2 36. c4 Bf6+ 37. Kh5 Bg5 38. Ne6 Rf6 39. Nxg5 hxg5 40.
Bxg5 Rf7 41. h4 Kh7 42. Re3 Rxb2 43. Re6 f4 44. Rh6+ Kg7 45. Rg6+ Kf8 46. Rxc6
Ke8 47. Kg6 Rb7 48. Bxf4 R2xb3 49. c5 R3b4 50. Bg5 Kd7 51. Rd6+ Kc7 52. h5 Rc4
53. Bd8+ Kc8 54. c6 Rb1 55. h6 Rh1 56. h7 Rg4+ 57. Bg5 Rxg5+ 58. Kxg5 Rxh7 59.
Kf5 Kc7 60. Rg6 a5 61. Ke4 Kb6 62. Kd5 Rh8 1/2-1/2

[Event "Mundial Juvenil femenino 2005 s12"]
[Site "Belfort FRA"]
[Date "2005.07.30"]
[Round "11.3"]
[White "Paikidze, Nazi"]
[Black "Endress, Anna"]
[Result "1/2-1/2"]
[WhiteElo "2083"]
[BlackElo "1599"]
[PlyCount "43"]
[EventDate "2005.07.19"]
[EventType "swiss"]
[EventRounds "11"]
[EventCountry "FRA"]
[Source "lmi"]
[SourceDate "2005.07.31"]

1. d4 d5 2. c4 e6 3. Nc3 Be7 4. cxd5 exd5 5. Bf4 Nf6 6. e3 Bf5 7. Qb3 Nc6 8. a3
Na5 9. Qa4+ c6 10. Nf3 O-O 11. Be2 h6 12. O-O Re8 13. Ne5 Be6 14. Rfd1 Nd7 15.
Nxd7 Bxd7 16. Qc2 Be6 17. Na4 Qd7 18. Bd3 Rad8 19. Qc3 b6 20. b4 Nc4 21. Nb2 b5
22. Bc2 1/2-1/2

[Event "Mundial Juvenil femenino 2005 s12"]
[Site "Belfort FRA"]
[Date "2005.07.30"]
[Round "11.4"]
[White "Mammadbayova, Farida"]
[Black "Danelia, Mariam"]
[Result "0-1"]
[WhiteElo "1599"]
[BlackElo "1991"]
[PlyCount "67"]
[EventDate "2005.07.19"]
[EventType "swiss"]
[EventRounds "11"]
[EventCountry "FRA"]
[Source "lmi"]
[SourceDate "2005.07.31"]

1. e4 c5 2. Nf3 d6 3. d4 cxd4 4. Nxd4 Nf6 5. Nc3 a6 6. Be2 e5 7. Nb3 Be7 8. O-O
O-O 9. f3 Be6 10. Qe1 d5 11. Bg5 Qb6+ 12. Kh1 d4 13. Nb1 a5 14. Qc1 Nbd7 15.
N3d2 Rfc8 16. Bxf6 Nxf6 17. a4 Bb4 18. b3 Nh5 19. Nc4 Qc5 20. g3 Nf6 21. Nba3
Bxa3 22. Nxa3 Ne8 23. Bd3 Nd6 24. f4 f6 25. f5 Bf7 26. g4 h6 27. h4 Kf8 28. Qd2
Qc6 29. Rae1 Ke7 30. Re2 b5 31. axb5 Nxb5 32. g5 hxg5 33. hxg5 Rh8+ 34. Rh2 0-1

[Event "Mundial Juvenil femenino 2005 s12"]
[Site "Belfort FRA"]
[Date "2005.07.30"]
[Round "11.5"]
[White "Suarez Calvo, Alexandra"]
[Black "Mitra, Hejazipour"]
[Result "1/2-1/2"]
[WhiteElo "1924"]
[BlackElo "1599"]
[PlyCount "89"]
[EventDate "2005.07.19"]
[EventType "swiss"]
[EventRounds "11"]
[EventCountry "FRA"]
[Source "lmi"]
[SourceDate "2005.07.31"]

1. e4 e5 2. Nf3 Nc6 3. d4 exd4 4. Nxd4 Bc5 5. Nxc6 Qf6 6. Qd2 dxc6 7. Qf4 Be6
8. Nc3 Bd4 9. Qxf6 Nxf6 10. f3 Bxc3+ 11. bxc3 Nd7 12. Be3 O-O 13. f4 f6 14. Bd3
Rfe8 15. O-O Nb6 16. Rfe1 Bf7 17. a4 Nc4 18. Bf2 b6 19. Rab1 Re7 20. Rb4 Nd6
21. e5 c5 22. Rbb1 fxe5 23. fxe5 Nc4 24. Bxc4 Bxc4 25. Rbd1 Be6 26. Bh4 Rf7 27.
Bg3 Raf8 28. h3 Rf5 29. Kh2 h5 30. h4 Kh7 31. Kg1 a5 32. Re4 R5f7 33. Re3 Kg8
34. Ree1 Rf5 35. Re4 g6 36. Kh2 Kg7 37. Kg1 R5f7 38. Ree1 Kh7 39. Re3 Bg4 40.
Rc1 Be6 41. Rd1 Kg7 42. Kh2 Rf1 43. Red3 R1f5 44. Re3 Kf7 45. Kg1 1/2-1/2

[Event "Mundial Juvenil femenino 2005 s12"]
[Site "Belfort FRA"]
[Date "2005.07.30"]
[Round "11.6"]
[White "Petrova, Olga"]
[Black "Vo, Thi Kim Phung"]
[Result "0-1"]
[WhiteElo "1599"]
[BlackElo "1599"]
[PlyCount "68"]
[EventDate "2005.07.19"]
[EventType "swiss"]
[EventRounds "11"]
[EventCountry "FRA"]
[Source "lmi"]
[SourceDate "2005.07.31"]

1. e4 e5 2. Nc3 Nf6 3. Bc4 Be7 4. Nf3 d6 5. d4 exd4 6. Nxd4 O-O 7. O-O Nc6 8.
Nf5 Nxe4 9. Nh6+ gxh6 10. Nxe4 Ne5 11. Be2 f5 12. Nc3 Nf7 13. Bh5 Bg5 14. f4
Bf6 15. Rf3 c6 16. b3 d5 17. Bb2 Nd6 18. Na4 Ne4 19. Bd4 b6 20. Nb2 Ba6 21.
Bxf6 Qxf6 22. Nd3 Nc3 23. Rg3+ Kh8 24. Qe1 Bxd3 25. cxd3 d4 26. Qf2 Nd5 27. Rc1
Ne3 28. Rf3 Rac8 29. Rh3 c5 30. Be2 Rg8 31. Bf3 Rge8 32. Rh5 a5 33. Qb2 Re6 34.
Rh3 Rg8 0-1